Where is Uhuru? : reflections on the struggle for democracy in Africa /

Salvato in:
Dettagli Bibliografici
Autore principale: Shivji, Issa G.
Natura: Libro
Pubblicazione: Oxford : Pambazuka Press, 2009.
Soggetti:
Tags: Aggiungi Tag
Nessun Tag, puoi essere il primo ad aggiungerne!!

MARC

LEADER 00000cam a22000007a 4500
005 20251003091745.0
020 |a 9781906387464 (Paper)  |c TZS 25,000/= 
020 |a 190638746X (Paper) 
040 |a MCCL  |b eng.  |e AACR 2nd rev.ed. 
082 |a 324.40096 SHI 
100 1 |a Shivji, Issa G. 
245 1 0 |a Where is Uhuru? :  |b reflections on the struggle for democracy in Africa /  |c Issa G. Shivji ; edited by Godwin R. Murunga. 
260 |a Oxford :  |b Pambazuka Press,  |c 2009. 
300 |a vi, 246 p. ;  |c 23 cm.  |b ill. ; 
504 |a Includes bibliographical references (p. [229]-240) and index. 
650 |a Democracy 
700 |a Shivji, Issa G. 
942 |c BK 
999 |c 11682  |d 11682